000 00665nam a2200205 i 4500
001 116871
003 ES-MaACL
005 20230906190801.0
007 t|
008 061121s1923 it a |||| | ita d
100 1 _aPende, Nicola.
_990160
245 1 0 _aEndocrinologia
_b: patologia e clinica degli organi a secrezione interna /
_cNicola Pende ; prefazione G. Viola ; con appendice di radioterapia M. Bertolotti.
250 _a3ª ed.
260 _aMilano :
_bFrancesco Vallardi,
_c1923.
300 _a2 v. ;
_c24 cm.
650 4 _aEndocrinología.
_9144424
700 1 _aViola, G.
_9115408
700 1 _aBertolotti, M.
_928482
852 _aES-MaACL
_jB-11378
999 _c116871
_d116871